00472pab a2200157 454500008004000000100001700040245008600057260000900143300001400152362001200166650003600178650001100214700002500225700002500250773003900275180718b2008 xxu||||| |||| 00| 0 eng d aRawal, Vikas aOn diversification of rural incomes: a view from three villages of Andhra Pradesh c2008 ap.237-56. aApr-Jun aIncome - India - Andhra Pradesh aIncome aDhar, Niladri Sekhar aSwaminathan, Madhura aIndian Journal of Labour Economics